header

Autolexical theory (Record no. 212779)

MARC details
000 -LEADER
fixed length control field 01390nam a2200361Ia 4500
082 04 - DEWEY DECIMAL CLASSIFICATION NUMBER
Classification number 415
245 00 - TITLE STATEMENT
Title Autolexical theory
260 ## - PUBLICATION, DISTRIBUTION, ETC. (IMPRINT)
Place of publication Berlin ;
-- New York :
Name of publisher M. de Gruyter,
Year of publication 1996, c1995.
300 ## - PHYSICAL DESCRIPTION
Number of Pages 375 p. :
Other physical details ill.
490 0# - SERIES STATEMENT
Series statement Trends in linguistics. Studies and monographs ;
650 #0 - SUBJECT ADDED ENTRY--TOPICAL TERM
Topical Term Autolexical theory (Linguistics)
Topical Term Generative grammar.
700 1# - ADDED ENTRY--PERSONAL NAME
Personal name Schiller, Eric.
Personal name Steinberg, Elisa,
Personal name Need, Barbara,
856 40 - ELECTRONIC LOCATION AND ACCESS
Uniform Resource Identifier http://site.ebrary.com/lib/rucke/Doc?id=10598122

No items available.

© 2026 Rongo University
Contact us: librarian | system librarian | Rongo university